000 01020nam a2200289Ia 4500
001 Para_5953
003 CHAP
008 220125s1983 xx 000 0 und d
010 _a204737
040 _cCHAP
090 _aPA TESIS 231
100 _aPacheco Covarrubias, Juan José
_984543
245 _aBúsqueda de sustancias tóxicas en plantas medicinales, contra larvas de mosquito casero (Culex quinque-fasciatus Say) (Diptera :
_b Culicidae) /
_c por Juan José Pache Covarrubias
260 _aChapingo, Méx. :
_b el autor
300 _a63 h.
502 _aTesis (Ing. Agr. Esp. en Parasitología Agrícola) -- UACh. Departamento Parasitología Agrícola
650 _aCulex quinquefsciatus
_9164158
650 _aPlantas insecticidas
_989010
710 _aUACh. Departamento Parasitología Agrícola
_9164025
901 _aPA TESIS 231
902 _aA
905 _a0000001983 a 0000000000 00
910 _a1983
942 _cPARA
942 _cPARA
_d1
999 _c204737
_d204737